| 000 | 00788nam a2200241 a 4500 | ||
|---|---|---|---|
| 001 | 2559 | ||
| 003 | CDMR | ||
| 005 | 20131125110822.0 | ||
| 008 | 130130s1982||||||||||||||||||||||||||||d | ||
| 020 | _a8474423112 | ||
| 040 |
_aCDMR _bcat _cCDMR |
||
| 100 | 1 |
_aPierce, Robert Nash _91920 |
|
| 245 | 1 | 0 |
_aLibertad de expresión en América Latina _cRobert N. Pierce ; [traducido por Lidia Porta] |
| 246 | _aKeeping the Flame | ||
| 260 |
_aBarcelona _c1982 _bMitre |
||
| 300 | _a359 p. | ||
| 490 | 0 | _aLibros de comunicación social | |
| 500 | _aA la coberta: Técnicas y sistemas de control de la prensa | ||
| 650 | 0 | 4 |
_93073 _aLlibertat d'expressió |
| 650 | 0 | 4 |
_94088 _aPeriodisme _zAmèrica Llatina |
| 650 | 0 | 4 |
_93789 _aMitjans de comunicació de massa _zAmèrica Llatina |
| 942 |
_cMON _2udc |
||
| 999 |
_c2559 _d2559 |
||